000 00434nam a2200145Ia 4500
008 100122s9999 xx 000 0 und d
082 _b5045
_a920
100 _aROY M N
245 _aFRAGMENTS OF A PRISONER`S DIARY : THE MEMOIRS OF A CAT
260 _c1988
300 _a50
630 _aFRAGMENTS OF A PRISONER`S DIARY : THE MEMOIRS OF A CAT
730 _aFRAGMENTS OF A PRISONER`S DIARY : THE MEMOIRS OF A CAT
942 _cBOOK
999 _c443128
_d443125